Survey research methods
| Main Author: | |
|---|---|
| Format: | Book |
| Published: |
Belmont :
Wadsworth Publ.Co. ,
1990
|
| Edition: | 2nd ed. |
| Subjects: |
MARC
| LEADER | 00000cam a2200000 7i4500 | ||
|---|---|---|---|
| 001 | 0000000538 | ||
| 005 | 20021121.0 | ||
| 020 | |a 0534126723 | ||
| 040 | |a INS | ||
| 090 | 0 | 0 | |a H62. |b B23 1990 |
| 100 | 1 | |a Babbie, Earl | |
| 245 | 1 | 0 | |a Survey research methods |c Earl Babbie |
| 250 | |a 2nd ed. | ||
| 260 | |a Belmont : |b Wadsworth Publ.Co. , |c 1990 | ||
| 300 | |a xx, 395p. ; |c 23.5 cm. | ||
| 650 | 0 | 0 | |a Social sciences |x Research |
| 650 | 0 | 0 | |a Social surveys |
| 999 | |a 0000004758 |b BOOK |c Open Shelf |e Default branch | ||